| 000 | 01174cam a22002651 4500 | ||
|---|---|---|---|
| 001 | 6507270 | ||
| 005 | 20050827175605.0 | ||
| 008 | 760506s1953 ilua 000 0 eng | ||
| 020 | _a9780470233979 | ||
| 035 | _a(OCoLC)2160942 | ||
| 040 |
_aDLC _cOClU _dDLC |
||
| 042 | _apremarc | ||
| 050 | 0 | 0 |
_aTS235 _b.A5 |
| 082 |
_a671.2 _bSTA |
||
| 110 | 2 | _aAmerican Foundrymen's Society. | |
| 245 | 1 | 0 |
_aStatistical quality control : _bA Modern introduction / _cDouglas C. Montgomery. |
| 250 |
_a6th ed. _bInternational student ed. |
||
| 260 |
_a[ Asia]: _cc.2009. _bWiley, |
||
| 300 |
_a739 p. _billus. _c24cm. |
||
| 650 | 0 |
_aFoundries _xQuality control |
|
| 942 |
_2ddc _cBB |
||
| 999 |
_c11022 _d11022 |
||